| 000 | 01441nam a2200337 i 4500 | ||
|---|---|---|---|
| 001 | 000026677 | ||
| 003 | DO-SdBNP | ||
| 005 | 20240930131239.0 | ||
| 006 | a||||gr|||| 00| 0 | ||
| 007 | ta | ||
| 008 | 110324e1951 dr a 000 | spa d | ||
| 040 |
_aDO-SdBNP _bspa _cBNPHU _erda |
||
| 082 | 4 |
_222 _bT866c 1951 |
|
| 100 | 1 |
_aTrujillo Molina, Rafael Leónidas, _d 1891-1961 _eautor _976764 |
|
| 245 | 1 | 0 |
_aCartilla cívica para el pueblo dominicano. / _cRafael L. Trujillo; ilustraciones de José Vela Zanetti (V. Z), Yoryi Morel (Y. M.), José Gausach (J. G.), Hernández Ortega (H. O.) y Silvano Lora (S. L.); compilación gráfico-literaria de Mnauel E. Suncar Chevalier. |
| 250 | _a6a. edición | ||
| 264 |
_aCiudad Trujillo, República Dominicana : _bSecretaría de Estado de Educación y Bellas Artes, _c1951 |
||
| 300 |
_a50 páginas : _bIlustraciones, mapa, retrto ; _c20 cm. |
||
| 336 |
_2rdacontent _atexto _btxt |
||
| 337 |
_2rdamedia _asin mediación _bn |
||
| 338 |
_2rdacarrier _avolumen _bnc |
||
| 590 | _aInventariado 2023 / MF | ||
| 700 | 1 |
_aVela Zanetti, José, _958927 _eilustrador |
|
| 700 | 1 |
_aYoryi, Morel, _eilustrador _984157 |
|
| 700 | 1 |
_aGausachs, Josep, _d1889-1959 _957617 _eilustrador |
|
| 700 | 1 |
_aHernández Ortega, Gilberto, _d1924-1978 _925201 _eilustrador |
|
| 700 | 1 |
_aLora, Silvano, _945559 _eilustrador |
|
| 700 | 1 |
_aSuncar Chevalier, Manauel E., _ecompilador _984158 |
|
| 910 | _aMF | ||
| 942 |
_2ddc _cLBS1 |
||
| 999 |
_c26169 _d26169 |
||